| 000 | 01102nam a22002657a 4500 | ||
|---|---|---|---|
| 999 |
_c63793 _d63793 |
||
| 005 | 20240530110659.0 | ||
| 008 | 171225s2015 ua a g b 000 0dara d | ||
| 017 |
_a2015/2219 _bمصر. دار الكتب |
||
| 020 | _a9789779200682 | ||
| 040 |
_aEG-CaGPL _cEG-CaGPL |
||
| 082 | 0 | 4 |
_221 _a320.011\ _bل ل |
| 100 | 1 | _aليكوف ، جورج | |
| 245 | 1 | 0 |
_aلا تفكر فى فيل : _bالخطاب السياسى بين المحافظين والتقدميين / _cتأليف جورج ليكوف ؛ تصدير هوارد دين ؛ تقديم دون هازن ؛ ترجمة طارق النعمان . |
| 250 | _aط.1 | ||
| 260 |
_aالقاهرة : _bالمركز القومى للترجمة ، _c2015 . |
||
| 300 |
_a169 ص. ؛ _c24 سم. |
||
| 490 |
_aالمركز القومى للترجمة ؛ _v2237 |
||
| 650 | 0 | 7 |
_2qrmak _aالخطاب السياسى |
| 651 | _2qrmak | ||
| 700 | 0 |
_aطارق النعمان _eمترجم |
|
| 700 | 0 |
_aهوارد دين _eكاتب تصدير |
|
| 700 | 0 |
_aدون هازن _eمقدم |
|
| 942 |
_2ddc _cBK |
||